[Event "Hoogovens"]
[Site "Wijk aan Zee"]
[Date "1992.??.??"]
[Round "9"]
[White "Piket, Jeroen"]
[Black "Huebner, Robert"]
[Result "1/2-1/2"]
[WhiteElo "2615"]
[BlackElo "2615"]

1.d4 Nf6 2.c4 e6 3.Nf3 b6 4.g3 Ba6 5.Nbd2 Bb4 6.Qc2 c5 7.Bg2 Bb7 8.dxc5 Bxc5
9.O-O Be7 10.b3 d6 11.Bb2 Nbd7 12.Rad1 Qc7 13.Qb1 O-O 14.e4 a6 15.Nd4 Rfe8
16.Rfe1 Bf8 17.h3 Rac8 18.Nf1 Nc5 19.Nd2 Ncd7 20.Re2  1/2-1/2

[Event "Hoogovens"]
[Site "Wijk aan Zee"]
[Date "1992.??.??"]
[Round "9"]
[White "Kortschnoj, Viktor"]
[Black "Nunn, John DM"]
[Result "1/2-1/2"]
[WhiteElo "2585"]
[BlackElo "2615"]

1.d4 Nf6 2.c4 g6 3.Nc3 Bg7 4.e4 d6 5.Nge2 O-O 6.Ng3 e5 7.d5 a5 8.Be2 Na6
9.h4 c6 10.h5 cxd5 11.cxd5 Nc5 12.Be3 Qb6 13.b3 Bd7 14.O-O Qb4 15.Qd2 Rfc8
16.a3 Qb6 17.Rab1 Qd8 18.h6 Bf8 19.Rfc1 Ng4 20.Bxg4 Bxg4 21.b4 axb4 22.axb4 Na4
23.Nxa4 Rxa4 24.Rxc8 Bxc8 25.b5 Be7 26.Qc2 Ra8 27.b6 Qf8 28.Rf1 Bd8 29.Qc3 Bd7
30.Qd2 f5 31.f4 Qxh6 32.Qf2 Ra3 33.exf5 gxf5 34.Ne2 Bb5 35.Rc1 Bh4 36.g3 Bxe2
37.gxh4 Qh5 38.Rc8+ Kg7 39.Rc7+ Kg6 40.fxe5 Qg4+ 41.Kh2 dxe5 42.Rc8 Qe4 43.Qxe2 Rxe3
44.Qg2+ Qxg2+ 45.Kxg2 f4 46.Rc7 Rd3 47.Rxb7 Rxd5 48.Rb8 Rb5 49.b7 Kh5 50.Re8 Rxb7
51.Rxe5+ Kg4 52.Rg5+ Kxh4 53.Rg8 Rb3 54.Rf8 Rg3+ 55.Kf2 Rg4  1/2-1/2

[Event "Hoogovens"]
[Site "Wijk aan Zee"]
[Date "1992.??.??"]
[Round "9"]
[White "Nikolic, Predrag"]
[Black "Van Wely, Loek"]
[Result "1/2-1/2"]
[WhiteElo "2635"]
[BlackElo "2560"]

1.d4 Nf6 2.c4 g6 3.Nf3 Bg7 4.g3 d6 5.Bg2 O-O 6.O-O Nbd7 7.Nc3 e5 8.e4 exd4
9.Nxd4 Re8 10.h3 a6 11.Nde2 Rb8 12.Qc2 Ne5 13.b3 b5 14.cxb5 axb5 15.Bg5 c6
16.Rad1 b4 17.Na4 Qc7 18.Rfe1 h6 19.Bf4 c5 20.Qd2 Bb7 21.Qxd6 Qxd6 22.Rxd6 Nxe4
23.Rb6 Nd7 24.Rb5 Bc6 25.Rxb8 Nxb8 26.Bxb8 Bxa4 27.bxa4 Nc3 28.Bd6 Nxe2+
29.Kf1 Bc3 30.Rd1 Bd4 31.a5 Re6 32.a6 Rxd6 33.a7 Ra6 34.a8=Q+ Rxa8 35.Bxa8 Nc3
36.Rd2 f5 37.Bb7 Kf7 38.Ba6 Ke6 39.Bc4+ Ke5 40.Kg2 Ke4 41.h4 g5 42.f3+ Ke5
43.hxg5 hxg5 44.Kh3 Nd5 45.Re2+ Ne3 46.Bg8 f4 47.Kh2 g4 48.gxf4+ Kxf4 49.fxg4 Kf3
50.Rxe3+ Bxe3 51.Bf7 Kf2 52.Bg8 Bg5 53.Bf7 Ke3 54.Kg2 Kd3 55.Kf1 Bh4 56.Bg6+ Kd2
57.Bf7 Kd3  1/2-1/2

[Event "Hoogovens"]
[Site "Wijk aan Zee"]
[Date "1992.??.??"]
[Round "9"]
[White "Sax, Gyula"]
[Black "Brenninkmeijer, Joris"]
[Result "1/2-1/2"]
[WhiteElo "2600"]
[BlackElo "2500"]

1.e4 e6 2.d4 d5 3.e5 c5 4.c3 Nc6 5.Nf3 Bd7 6.Be2 Nge7 7.Na3 Nf5 8.Nc2 cxd4
9.cxd4 Nb4 10.Ne3 Nxe3 11.fxe3 Be7 12.O-O O-O 13.Bd2 Qb6 14.a3 Nc6 15.b4 f5
16.exf6 Bxf6 17.Bd3 Ne7 18.Qb1 h6 19.a4 Nf5 20.b5 a5 21.Bc1 Rfc8 22.Ra2 Qd8
23.Raf2 Qe7 24.g4 Rxc1 25.Qxc1 Nd6 26.Ne5 Rc8 27.Qb1 Be8 28.g5 hxg5 29.Bh7+ Kh8
30.Rf3 g4 31.Nxg4 Bh5 32.Rg3 Bh4 33.Rg2 Bg5 34.Bg6 Bxg4 35.Rxg4 Bxe3+ 36.Kg2 e5
37.Qe1 Nc4 38.Rf7 Qe6 39.Qg3 Bh6 40.Rh4 Ne3+ 41.Kf2 Kg8 42.Rf3 e4 43.Rff4 Rc2+
44.Kxe3 Qe7 45.Bf7+ Qxf7 46.Rxh6 Rc3+ 47.Kf2 Rxg3 48.Rxf7 Kxf7 49.Rd6  1/2-1/2

[Event "Hoogovens"]
[Site "Wijk aan Zee"]
[Date "1992.??.??"]
[Round "10"]
[White "Huebner, Robert"]
[Black "Seirawan, Yasser"]
[Result "1/2-1/2"]
[WhiteElo "2615"]
[BlackElo "2600"]

1.d4 d5 2.c4 dxc4 3.Nf3 c5 4.e4 cxd4 5.Qxd4 Qxd4 6.Nxd4 Nf6 7.Nb5 Kd8 8.Bxc4 a6
9.Nd4 e6 10.f3 Bd7 11.Bf4 Nc6 12.Nxc6+ Bxc6 13.Nd2 Rc8 14.Ke2 Bb4 15.Rac1 Ke7
16.a3 Ba5 17.Nb3 Bb6 18.Bd2 Nd7 19.Bb4+ Kf6 20.Bc3+ Kg6 21.h4 h5 22.Bd3 Kh7
23.Nd4 Nc5 24.Nxc6  1/2-1/2

[Event "Hoogovens"]
[Site "Wijk aan Zee"]
[Date "1992.??.??"]
[Round "10"]
[White "Brenninkmeijer, Joris"]
[Black "Romero Holmes, Alfonso"]
[Result "1/2-1/2"]
[WhiteElo "2500"]
[BlackElo "2490"]

1.d4 e6 2.Nf3 c5 3.g3 Nf6 4.Bg2 Qc7 5.O-O a6 6.b3 d5 7.dxc5 Bxc5 8.Bb2 Nc6
9.c4 dxc4 10.Qc1 Qe7 11.Qxc4 O-O 12.Rc1 Bd6 13.Nbd2 Bd7 14.Qh4 Rac8 15.Nc4 Bc5
16.a3 Nd5 17.Qxe7 Bxe7 18.e4 Nf6 19.Nd4 Bc5 20.Nxc6 Bxc6 21.Na5 Bxe4 22.Nxb7 Bb6
23.Nd6 Rxc1+ 24.Rxc1 Bxg2 25.Kxg2 Nd5 26.Rc6 Ra8 27.b4 Kf8 28.Nc8 Bc7 29.Nd6 Bxd6
30.Rxd6 Ke7 31.Rc6 Kd7 32.Rc5 f6 33.Kf3 Rc8 34.Ra5 Rc6 35.b5 axb5 36.Rxb5 Rc4
37.Rb7+ Nc7 38.Ke3 Ra4 39.f4 Kc8 40.Rb3 Ra5 41.Kd2 Nd5 42.Rf3  1/2-1/2

[Event "Hoogovens"]
[Site "Wijk aan Zee"]
[Date "1992.??.??"]
[Round "10"]
[White "Epishin, Vladimir"]
[Black "Kortschnoj, Viktor"]
[Result "0-1"]
[WhiteElo "2620"]
[BlackElo "2585"]

1.d4 Nf6 2.c4 e6 3.Nf3 b6 4.g3 Ba6 5.b3 Bb7 6.Bg2 Bb4+ 7.Bd2 a5 8.O-O O-O
9.Nc3 d5 10.Ne5 Nbd7 11.Nd3 Qe7 12.Na4 Bxd2 13.Qxd2 Rad8 14.c5 b5 15.Nab2 Ra8
16.Qf4 Nb8 17.Ne5 Ra6 18.Rfe1 Ne4 19.Ned3 f6 20.e3 Re8 21.a3 e5 22.Qg4 Re6
23.Qd1 Qf7 24.Rc1 exd4 25.exd4 Nc6 26.Nf4 R6e7 27.Qd3 g5 28.Qxb5 gxf4 29.Qxb7 Nxd4
30.Nd3 c6 31.Qb6 f3 32.Bf1 Rb7 33.Qa6 Reb8 34.Rxe4 dxe4 35.Nf4 Ra7 36.Qc4 Qxc4
37.Bxc4+ Kh8 38.Rd1 Ne2+ 39.Nxe2 fxe2 40.Re1 Rd7 41.Rxe2 Rd4 42.Kg2 a4 43.Re3 axb3
44.Bxb3 Rd3 45.Bc2 Rxe3 46.fxe3 Rb2  0-1

[Event "Hoogovens"]
[Site "Wijk aan Zee"]
[Date "1992.??.??"]
[Round "10"]
[White "Piket, Jeroen"]
[Black "Gelfand, Boris"]
[Result "1/2-1/2"]
[WhiteElo "2615"]
[BlackElo "2665"]

1.d4 Nf6 2.c4 g6 3.Nc3 Bg7 4.e4 d6 5.Nf3 O-O 6.Be2 e5 7.O-O Na6 8.Be3 Ng4
9.Bg5 Qe8 10.h3 h6 11.Bc1 exd4 12.Nxd4 Nf6 13.Bf3 Nh7 14.Be3 Ng5 15.Re1 c6
16.Rc1 Nc5 17.Rc2 Qe7 18.Nb3 Nxf3+ 19.Qxf3 Nd3 20.Rd1 Nxb2 21.Rxb2 Bxc3 22.Rc2 Be5
23.Bxh6 Re8 24.c5 dxc5 25.Nxc5 b6 26.Nd3 Bg7 27.Bxg7 Kxg7 28.e5 Bf5 29.Rxc6 Rad8
30.g4 Rxd3  1/2-1/2

[Event "Hoogovens"]
[Site "Wijk aan Zee"]
[Date "1992.??.??"]
[Round "10"]
[White "Salov, Valery"]
[Black "Nikolic, Predrag"]
[Result "1/2-1/2"]
[WhiteElo "2655"]
[BlackElo "2635"]

1.d4 d5 2.c4 c6 3.Nf3 Nf6 4.Nc3 e6 5.e3 a6 6.b3 Bb4 7.Bd2 O-O 8.Bd3 b5 9.O-O bxc4
10.bxc4 dxc4 11.Bxc4 c5 12.a3 cxd4 13.axb4 dxc3 14.Bxc3 Bb7 15.Ne5 Nbd7 16.Nxd7 Qxd7
17.Qxd7 Nxd7 18.Rfd1 Nb6 19.Bf1 Nd5 20.Be1 f5 21.Rd4 Rfc8 22.e4 fxe4 23.Rxe4 Rc6
24.f3 Rb6 25.Rc1 Rc8 26.Rxc8+ Bxc8 27.Rc4 Bd7 28.Bd3 Rb8 29.Be4 Bb5 30.Rc5 h6
31.Bxd5 exd5 32.Rxd5 Rc8 33.Kf2 Rc2+ 34.Bd2 Kf7 35.Rd4 Rc4 36.Rd6 Rc7 37.Rb6 h5
38.h4 g6 39.Bg5 Rc2+ 40.Kg1 Rc6 41.Rb7+ Ke6 42.Kh2 Bf1 43.Re7+ Kd5 44.Re1 Bd3
45.Kg3 Rc2 46.Ra1 Re2 47.Bh6 Rb2 48.Bf8 Rd2 49.Bg7 Re2 50.Bf8 Rd2 51.Re1 Ra2
52.Rc1 Ke6 53.Rd1 Be2 54.Re1 Kf7 55.Bd6 Bd3 56.Bc7 Rb2 57.Bd6 Ra2 58.Bc7 Rb2
59.Ba5 Bb5 60.Rg1 Bd3 61.Rd1 Bb5 62.Rc1 Ke6 63.Kh2 Kf7 64.Kg1 Ke6 65.Rd1 Rc2
66.Bd8 Rb2 67.Rd4 Rb1+ 68.Kh2 Rb2 69.Re4+ Kf7 70.Rf4+ Ke8 71.Bg5 Rc2 72.Re4+ Kf8
73.Bh6+ Kf7 74.Rf4+ Ke7 75.Bg5+ Ke8 76.Re4+ Kf8 77.Re1 Re2 78.Rc1 Kf7 79.Rc7+ Ke6
80.Re7+ Kd6 81.Rg7 Bd3 82.Rg8 Ke6 83.Rd8 Bb5 84.Rf8 Bd3 85.Kg3 Rb2 86.Rd8 Bf1
87.Bd2 Ke7 88.Rd4 Rb3 89.Bg5+ Ke6  1/2-1/2

[Event "Hoogovens"]
[Site "Wijk aan Zee"]
[Date "1992.??.??"]
[Round "10"]
[White "Van Wely, Loek"]
[Black "Van der Wiel, John TH"]
[Result "0-1"]
[WhiteElo "2560"]
[BlackElo "2540"]

1.d4 Nf6 2.c4 e6 3.Nf3 b6 4.g3 Ba6 5.b3 Bb4+ 6.Bd2 Be7 7.Bg2 c6 8.O-O d5
9.Bc3 Nbd7 10.Nbd2 O-O 11.Re1 c5 12.e4 dxe4 13.Nxe4 Nxe4 14.Rxe4 Bb7 15.Re3 Bf6
16.Rc1 cxd4 17.Nxd4 Bxg2 18.Kxg2 Qc8 19.h4 a6 20.Qf3 Ra7 21.a4 Rc7 22.Ra1 Ne5
23.Qf4 Nxc4 24.bxc4 Rxc4 25.Bb2 Rb4 26.Re2 e5 27.Qf3 exd4 28.Ba3 d3 29.Qxd3 Qa8+
30.Kh2 Rd8 31.Qc2 Rxh4+ 32.gxh4 Bxa1 33.Qf5 g6 34.Qg5 Re8 35.Rd2 Qf3 36.Bd6 Bf6
37.Qg3 Qe4 38.h5 Rd8 39.hxg6 hxg6 40.Qf4 Qxf4+ 41.Bxf4 Rxd2 42.Bxd2 Kf8 43.Kg3 Ke7
44.Kf4 Bd4 45.f3 f5 46.Kg5 Kf7 47.Kh6 Bf6 48.Be1 Be7  0-1

[Event "Hoogovens"]
[Site "Wijk aan Zee"]
[Date "1992.??.??"]
[Round "11"]
[White "Nikolic, Predrag"]
[Black "Brenninkmeijer, Joris"]
[Result "1-0"]
[WhiteElo "2635"]
[BlackElo "2500"]

1.d4 d5 2.c4 c6 3.Nf3 Nf6 4.Nc3 e6 5.Bg5 dxc4 6.e4 b5 7.e5 h6 8.Bh4 g5 9.Nxg5 hxg5
10.Bxg5 Nbd7 11.exf6 Bb7 12.g3 Qb6 13.Bg2 O-O-O 14.O-O c5 15.d5 b4 16.Na4 Qb5
17.dxe6 Bxg2 18.Kxg2 Ne5 19.Qe2 Qc6+ 20.f3 Qxe6 21.h4 Qd5 22.a3 Nd3 23.Qe3 Bd6
24.axb4 Rhe8 25.Nc3 Rxe3 26.Nxd5 Re2+ 27.Kh3 Nf2+ 28.Rxf2 Rxf2 29.Rxa7 Kb8
30.Rxf7 Rxf3 31.Bf4 Bxf4 32.Nxf4 cxb4 33.Re7 c3 34.bxc3 Rxc3 35.f7  1-0

[Event "Hoogovens"]
[Site "Wijk aan Zee"]
[Date "1992.??.??"]
[Round "11"]
[White "Van der Wiel, John TH"]
[Black "Salov, Valery"]
[Result "1/2-1/2"]
[WhiteElo "2540"]
[BlackElo "2655"]

1.e4 c5 2.Nf3 Nc6 3.d4 cxd4 4.Nxd4 Nf6 5.Nc3 d6 6.Bg5 e6 7.Qd2 Be7 8.O-O-O O-O
9.Nb3 Qb6 10.f3 Rd8 11.Be3 Qc7 12.Qf2 d5 13.exd5 Nxd5 14.Nxd5 Rxd5 15.Rxd5 exd5
16.Bb5 Ne5 17.Bxa7 Nc4 18.Bc5 Rxa2 19.Bxe7 Qf4+ 20.Kd1 Rxb2 21.Re1 Rb1+ 22.Ke2 Qe5+
23.Kf1 Ne3+ 24.Kg1 Ng4 25.Rxb1 Qxh2+ 26.Kf1 Nxf2 27.Kxf2 Qc7 28.Bc5  1/2-1/2

[Event "Hoogovens"]
[Site "Wijk aan Zee"]
[Date "1992.??.??"]
[Round "11"]
[White "Seirawan, Yasser"]
[Black "Van Wely, Loek"]
[Result "1-0"]
[WhiteElo "2600"]
[BlackElo "2560"]

1.c4 g6 2.Nc3 Bg7 3.g3 e5 4.Bg2 d6 5.e4 Nc6 6.d3 h5 7.h4 Bg4 8.f3 Be6 9.Nge2 a6
10.O-O Nh6 11.Nd5 O-O 12.Be3 f5 13.Qd2 Kh7 14.Rac1 Rf7 15.b4 Qd7 16.Bg5 b6
17.a3 a5 18.b5 Nd8 19.exf5 Bxf5 20.g4 hxg4 21.fxg4 Nxg4 22.Nxb6 cxb6 23.Bxa8 Qc8
24.Bf3 Qc5+ 25.Kg2 Nf6 26.Ng3 Qxa3 27.Nxf5 gxf5 28.Be3 d5 29.cxd5 Qd6 30.Qa2 e4
31.dxe4 fxe4 32.Qc2 Kh8 33.Bxe4 Ng4 34.Bg1 Bf6 35.Rf5 Rg7 36.Kf1 Qg3 37.Rf3 Qxh4
38.Ke2 Nf7 39.Rcf1 Ng5 40.Rf4 Nh3 41.Qc8+ Rg8 42.Qf5 Nxf4+ 43.Rxf4 a4 44.Bf2 Qh3
45.Bf3 Re8+ 46.Kd2 a3 47.Rxg4 Qh6+ 48.Kd3 a2 49.Rg6  1-0

[Event "Hoogovens"]
[Site "Wijk aan Zee"]
[Date "1992.??.??"]
[Round "11"]
[White "Sax, Gyula"]
[Black "Epishin, Vladimir"]
[Result "1/2-1/2"]
[WhiteElo "2600"]
[BlackElo "2620"]

1.e4 e6 2.d4 d5 3.Nc3 dxe4 4.Nxe4 Bd7 5.Nf3 Bc6 6.Bd3 Nd7 7.O-O Ngf6 8.Nxf6+ Qxf6
9.Be2 Bd6 10.c4 Be4 11.Be3 O-O 12.Ng5 Bg6 13.c5 Bf4 14.Nh3 Bxe3 15.fxe3 Qe7
16.Bf3 e5 17.c6 bxc6 18.Bxc6 Rad8 19.Rc1 Nf6 20.Re1 exd4 21.exd4 Qb4 22.Bf3 Rxd4
23.Qb3 Qd6 24.Qb7 Rd2 25.Qxa7 Rxb2 26.a4 Qb6+ 27.Qxb6 cxb6 28.Nf4 Bf5 29.Re5 g6
30.Rb5 Rxb5 31.axb5 Rc8 32.Rd1 Rc5 33.Rd6 Ne4 34.Bxe4 Bxe4 35.Rxb6 Kg7 36.g3 Rc2
37.Rd6 Rb2 38.b6 Kf8 39.Nd5 Bxd5 40.Rxd5 Rxb6 41.Rd2 Ke7 42.Kg2 h5 43.Kf3 g5
44.Rd5 f6 45.h4 Ke6 46.Ra5 g4+ 47.Kf4 Rb4+ 48.Ke3 Rb3+ 49.Kf2 f5 50.Ra4 Ke5
51.Ra5+ Ke4 52.Ra4+ Kd3 53.Rf4 Rb5 54.Kg2 Ke2 55.Rf2+ Ke3 56.Rf4 Rd5 57.Kg1 Ke2
58.Rf2+ Kd3 59.Rf4 Re5 60.Kg2 Ke3  1/2-1/2

[Event "Hoogovens"]
[Site "Wijk aan Zee"]
[Date "1992.??.??"]
[Round "12"]
[White "Seirawan, Yasser"]
[Black "Brenninkmeijer, Joris"]
[Result "0-1"]
[WhiteElo "2600"]
[BlackElo "2500"]

1.c4 Nf6 2.Nc3 e5 3.Nf3 Nc6 4.e3 Bb4 5.Nd5 e4 6.Ng1 O-O 7.a3 Bd6 8.Qc2 Re8
9.Ne2 Be5 10.Ng3 Bxg3 11.hxg3 d6 12.b3 Ne5 13.Bb2 Nxd5 14.cxd5 Bf5 15.f3 Bg6
16.f4 Nd3+ 17.Bxd3 exd3 18.Qc3 f6 19.g4 Qe7 20.Kf2 Be4 21.Rh5 c5 22.g5 Rf8
23.gxf6 Rxf6 24.g4 Raf8 25.Kg3 Rg6 26.Rg1 Rf5 27.Rh4 Rxd5 28.Qc1 h5 29.Qd1 Bf5
30.Qe1 Bxg4 31.Kh2 Rf5 32.Qf2 Rh6 33.Qg3 Qf7 34.Kg2 Qd5+ 35.Kf2 Rg6 36.b4 Qe4
37.Bc3 b6 38.Ke1 d5 39.Be5 d4 40.bxc5 bxc5 41.Qg2 Qxg2 42.Rxg2 Re6 43.Rgh2 Rexe5
44.fxe5 Rxe5 45.Rf2 c4 46.Rf4 c3 47.Rxd4 c2 48.Rc4 Rb5  0-1

[Event "Hoogovens"]
[Site "Wijk aan Zee"]
[Date "1992.??.??"]
[Round "12"]
[White "Romero Holmes, Alfonso"]
[Black "Piket, Jeroen"]
[Result "1/2-1/2"]
[WhiteElo "2490"]
[BlackElo "2615"]

1.e4 c5 2.Nf3 d6 3.d4 cxd4 4.Nxd4 Nf6 5.Nc3 Nc6 6.Bg5 e6 7.Qd2 h6 8.Bxf6 gxf6
9.O-O-O a6 10.Kb1 Bd7 11.f4 Qb6 12.Nxc6 Bxc6 13.f5 Qc5 14.Ne2 Bxe4 15.fxe6 fxe6
16.Nf4 e5 17.Bd3 Bxd3 18.Nxd3 Qd4 19.Rhf1 Be7 20.Nb4 Qxd2 21.Rxd2 O-O 22.Nd5 Rae8
23.Nxe7+ Rxe7 24.Rxd6 Kg7 25.c4 f5 26.g3 Rf6 27.Rd3 Kg6 28.Kc2 Kg5 29.Kd2 h5
30.b4 f4 31.c5 h4 32.gxf4+ Rxf4 33.Rg1+ Kf5 34.Kc3 Rf2 35.Rh3 Rh7 36.a4 e4
37.Rg8 Rf3+ 38.Rxf3+ exf3 39.Kd3 Re7 40.b5 axb5 41.axb5 Kf4 42.c6 bxc6 43.bxc6 Rf7
44.Kd2 Ke4 45.Rg4+ Kd5 46.Ke1  1/2-1/2

[Event "Hoogovens"]
[Site "Wijk aan Zee"]
[Date "1992.??.??"]
[Round "12"]
[White "Kortschnoj, Viktor"]
[Black "Huebner, Robert"]
[Result "1/2-1/2"]
[WhiteElo "2585"]
[BlackElo "2615"]

1.d4 d5 2.c4 c6 3.cxd5 cxd5 4.Nc3 Nf6 5.Nf3 Nc6 6.Bf4 Bf5 7.e3 e6 8.Bd3 Bxd3
9.Qxd3 Bd6 10.Bxd6 Qxd6 11.O-O O-O 12.Rac1 Rac8 13.h3  1/2-1/2

[Event "Hoogovens"]
[Site "Wijk aan Zee"]
[Date "1992.??.??"]
[Round "12"]
[White "Nikolic, Predrag"]
[Black "Epishin, Vladimir"]
[Result "1/2-1/2"]
[WhiteElo "2635"]
[BlackElo "2620"]

1.d4 Nf6 2.Nf3 g6 3.c4 Bg7 4.g3 c5 5.d5 d6 6.Bg2 a6 7.a4 e5 8.dxe6 Bxe6 9.Ng5 Bxc4
10.Nd2 Be6 11.Bxb7 Ra7 12.Bg2 O-O 13.Nxe6 fxe6 14.O-O Nbd7 15.Rb1 d5 16.e4 Ne5
17.Nb3 c4 18.Nd4 Qb6 19.a5 Qd6 20.f4 Nxe4 21.fxe5 Rxf1+ 22.Qxf1 Qxe5 23.Nf3 Qd6
24.Be3 Rb7 25.Qc1 Qb4 26.Bh3 Nc3 27.Bxe6+ Kh8 28.bxc3 Qxb1 29.Qxb1 Rxb1+
30.Kg2 Rb2+ 31.Kf1 Rb5 32.Bb6 Bxc3 33.Bd7 Rb2 34.Bc8 Bf6 35.Bxa6 c3 36.Ne1 c2
37.Nxc2 Rxc2 38.Bb7 Rb2 39.Bxd5 Kg7 40.a6 Rxb6 41.a7 Ra6 42.a8=Q Rxa8 43.Bxa8  1/2-1/2

[Event "Hoogovens"]
[Site "Wijk aan Zee"]
[Date "1992.??.??"]
[Round "12"]
[White "Van Wely, Loek"]
[Black "Salov, Valery"]
[Result "1/2-1/2"]
[WhiteElo "2560"]
[BlackElo "2655"]

1.Nf3 Nf6 2.c4 e6 3.g3 d5 4.d4 Bb4+ 5.Bd2 Be7 6.Bg2 O-O 7.O-O c6 8.Qc2 b6
9.Ne5 Bb7 10.Bf4 Nbd7 11.Nc3 Nxe5 12.dxe5 Nd7 13.h4 Qb8 14.cxd5 cxd5 15.Rfd1 Nxe5
16.e4 d4 17.Nb5 Bf6 18.Nxd4 Rd8 19.Qb3 Qc7 20.Nb5 Qe7 21.Rxd8+ Rxd8 22.Nxa7 Ng4
23.Bf3 Ne5 24.Be2 Bxe4 25.Qxb6 Qd7 26.Qe3 Qb7 27.Bxe5 Bxe5 28.Nb5 Bxb2 29.Rd1 Rxd1+
30.Bxd1 Bc6 31.a4 Bxb5 32.axb5 Qxb5 33.Bf3 g6 34.Kg2 Kg7 35.Be2 Qa5 36.Qg5 Qb4
37.h5 h6 38.Qg4 Qxg4  1/2-1/2

[Event "Hoogovens"]
[Site "Wijk aan Zee"]
[Date "1992.??.??"]
[Round "13"]
[White "Huebner, Robert"]
[Black "Van Wely, Loek"]
[Result "1-0"]
[WhiteElo "2615"]
[BlackElo "2560"]

1.e4 c5 2.Nf3 e6 3.Nc3 d6 4.a3 Nc6 5.Rb1 g5 6.Bb5 Bg7 7.b4 Bd7 8.Bb2 g4 9.Ng1 Qg5
10.Nge2 Nge7 11.d3 h5 12.Qd2 Qxd2+ 13.Kxd2 Ne5 14.Bxd7+ Kxd7 15.Nd1 b6 16.Ne3 N7g6
17.h3 Bh6 18.hxg4 hxg4 19.Ng3 Bg5 20.Rbf1 Rac8 21.Kd1 b5 22.Bc1 Be7 23.Bd2 Rcf8
24.Ne2 Bd8 25.Bc3 Bb6 26.bxc5 dxc5 27.Nf4 Rxh1 28.Rxh1 b4 29.Nxg6 Nxg6 30.axb4 cxb4
31.Bxb4 Rb8 32.Bd2 Bd4 33.Bc1 Bc3 34.Nc4 Rb1 35.Rh7 Ne5 36.Nd2 Ra1 37.Nb3 Rb1
38.Ke2 a5 39.Bd2 Bxd2 40.Kxd2 Rg1 41.Nxa5 Rxg2 42.Ke3 Rg1 43.Nb3 Ke7 44.Nd4 Kf6
45.Rh5 Rf1 46.Rh8 Re1+ 47.Kd2 Ra1 48.Rg8 Rh1 49.Ne2 Rf1 50.Ke3 Rd1 51.Ng3 Rc1
52.d4 Ng6 53.e5+ Ke7 54.Kd2 Ra1 55.Ne4 Ra4 56.Ke3 Ra3+ 57.c3 Kd7 58.Kd3 Ra2
59.Nf6+ Kc6 60.Nxg4 Nf4+ 61.Ke4 Nd5 62.Rc8+  1-0

[Event "Hoogovens"]
[Site "Wijk aan Zee"]
[Date "1992.??.??"]
[Round "13"]
[White "Piket, Jeroen"]
[Black "Sax, Gyula"]
[Result "1/2-1/2"]
[WhiteElo "2615"]
[BlackElo "2600"]

1.d4 Nf6 2.c4 e6 3.Nf3 b6 4.Nc3 Bb7 5.a3 d5 6.Qa4+ Qd7 7.Qc2 dxc4 8.e4 b5
9.Bf4 a6 10.O-O-O Be7 11.g4 Bd6 12.Bg5 h6 13.Bxf6 gxf6 14.d5 e5 15.Nh4 Qxg4
16.Nf5 Bc8 17.Ne3 Qf4 18.Rg1 h5 19.Kb1 Nd7 20.Bh3 Nc5 21.Bxc8 Rxc8 22.Rg7 Nd3
23.Nf5 Qxh2 24.Rxd3 cxd3 25.Qxd3 Kf8 26.Qe3 Qf4 27.Qh3 Qxf2 28.Rg2 Qe1+ 29.Kc2 Rd8
30.Re2 Qg1 31.Rg2 Qe1 32.Re2 Qg1 33.Rg2  1/2-1/2

[Event "Hoogovens"]
[Site "Wijk aan Zee"]
[Date "1992.??.??"]
[Round "13"]
[White "Gelfand, Boris"]
[Black "Kortschnoj, Viktor"]
[Result "1/2-1/2"]
[WhiteElo "2665"]
[BlackElo "2585"]

1.d4 Nf6 2.c4 e6 3.Nf3 b6 4.a3 Bb7 5.Nc3 d5 6.Qa4+ c6 7.cxd5 Nxd5 8.Bd2 Nd7
9.e4 N5f6 10.e5 Nd5 11.Nxd5 cxd5 12.Bg5 Be7 13.Bxe7 Qxe7 14.Rc1 Qd8 15.Qb4 Rc8
16.Rxc8 Qxc8 17.Kd2 Bc6 18.Bd3 Nb8 19.Rc1 Qd7 20.a4 f6 21.a5 Qe7 22.Qb3 Qb7
23.Bb5 Kd7 24.Bd3 Rc8 25.Rc3 f5 26.Qc2 Kd8 27.Ke1  1/2-1/2

[Event "Hoogovens"]
[Site "Wijk aan Zee"]
[Date "1992.??.??"]
[Round "13"]
[White "Epishin, Vladimir"]
[Black "Romero Holmes, Alfonso"]
[Result "1-0"]
[WhiteElo "2620"]
[BlackElo "2490"]

1.d4 e6 2.c4 Bb4+ 3.Bd2 a5 4.Nf3 d6 5.Nc3 Nf6 6.Qc2 O-O 7.Bg5 Nbd7 8.e3 c5
9.Bh4 b6 10.Rd1 Qc7 11.Bd3 Ba6 12.O-O Bxc3 13.Qxc3 Rac8 14.Rc1 cxd4 15.exd4 d5
16.b3 dxc4 17.bxc4 b5 18.Bg3 Qc6 19.c5 b4 20.Qc2 Bxd3 21.Qxd3 Ne4 22.Rfe1 Nxg3
23.hxg3 Rfd8 24.Rc4 Qd5 25.Qb3 Nb8 26.Re5 Qd7 27.Rh5 Nc6 28.Ne5 Nxe5 29.Rxe5 Qc6
30.a3 bxa3 31.Qxa3 Qb5 32.Qa2 Rc7 33.c6 Rd5 34.Rxd5 Qxd5 35.Qb2 g6 36.Qb8+ Kg7
37.Qxc7 Qxc4 38.Qe5+ Kf8 39.Qd6+ Ke8 40.Qd7+ Kf8 41.Qd8+ Kg7 42.c7 Qc1+ 43.Kh2 Qh6+
44.Qh4 Qc1 45.Qf4  1-0

[Event "Hoogovens"]
[Site "Wijk aan Zee"]
[Date "1992.??.??"]
[Round "13"]
[White "Brenninkmeijer, Joris"]
[Black "Van der Wiel, John TH"]
[Result "1-0"]
[WhiteElo "2500"]
[BlackElo "2540"]

1.d4 e6 2.c4 Bb4+ 3.Bd2 Bxd2+ 4.Qxd2 b6 5.Nc3 Nh6 6.Nf3 Bb7 7.d5 O-O 8.g3 Na6
9.Bg2 Nf5 10.O-O Nd6 11.b3 Nc5 12.Ne5 exd5 13.Nxd5 Re8 14.Nd3 Nce4 15.Qc2 Bxd5
16.cxd5 f5 17.Rac1 Rc8 18.b4 Qf6 19.Rfd1 Nb5 20.Bxe4 Rxe4 21.e3 h6 22.Qb3 Qf7
23.Rd2 Nd6 24.Rdc2 Ne8 25.b5 Ra8 26.Nb4 Re5 27.Qd3 Kh7 28.Rd1 Qe7 29.a3 Rc8
30.Rdc1 Qd6 31.Rc4 Nf6 32.Rd4 h5 33.Qd1 Re4 34.Qd3 Rce8 35.Rdc4 Rxc4 36.Qxc4 Rc8
37.Kg2 Kg6 38.Qf4 Qxf4 39.gxf4 Ne8 40.f3 Nd6 41.a4 Kf7 42.Kf2 Nb7 43.Na6 d6
44.Rc6 Na5 45.Rxc7+ Rxc7 46.Nxc7 Nc4 47.Ne6 Nb2 48.Nd4 g6 49.e4 Nxa4 50.Ke3 fxe4
51.fxe4 Nc3 52.Kd3 Nd1 53.h4 Nb2+ 54.Kd2 Na4 55.Ke3 Nc3 56.Kd3 Na4 57.f5 Nc5+
58.Ke3 gxf5 59.Nxf5 Nb7 60.Kf4 Kf6 61.Nxd6  1-0

[Event "Hoogovens"]
[Site "Wijk aan Zee"]
[Date "1992.??.??"]
[Round "13"]
[White "Nunn, John DM"]
[Black "Nikolic, Predrag"]
[Result "1-0"]
[WhiteElo "2615"]
[BlackElo "2635"]

1.e4 e6 2.d4 d5 3.Nc3 Bb4 4.e5 c5 5.a3 Bxc3+ 6.bxc3 Ne7 7.Nf3 b6 8.a4 Qc7
9.Bb5+ Bd7 10.Bd3 Nbc6 11.O-O h6 12.Re1 O-O 13.Ba3 Na5 14.dxc5 bxc5 15.Nd2 Bxa4
16.Qg4 Bd7 17.Nf3 Nc4 18.Bc1 f5 19.exf6 Rxf6 20.Bxc4 dxc4 21.Qxc4 Ng6 22.Be3 Rc8
23.Nd2 Rf5 24.Ne4 Ne5 25.Qe2 Bc6 26.Ng3 Rf6 27.Qa6 Bb7 28.Qa4 a6 29.Rab1 Rcf8
30.Rxb7 Qxb7 31.Bxc5 Ng6 32.Bxf8 Rxf8 33.Qb3 Qa7 34.Qxe6+ Kh8 35.Ne4 Nf4
36.Qd6 Rf7 37.c4 Qb7 38.c5 Ne2+ 39.Kf1 Qxe4 40.Rxe2 Qa4 41.c6  1-0